00773nam a2200241Ia 4500003000400000005001700004008004100021020002200062040000700084041000800091082002200099100004200121245005000163250000600213260004000219300001600259365001300275650002000288906004700308942001200355999001900367952014500386OSt20230503153923.0210423s2020 xx 000 0 und d a978-93-25982-39-0 cAL aeng a001.42 223bCHAR aCHAWLA (Deepak);SONDHI (Neena)997288 aResearch Methodology: concepts and cases Ed 2 a2 aNew DelhibVikas Publicationsc2020 axxx,789bPB b650cINR aResearch997289 acases ; concepts ; Methodology: ; Research 2ddccBK c170911d170911 001040708GCaSACPGbSACPGd2021-02-23eVidyarthi Booksg650.00l1o001.42 CHARpPG017413r2023-03-23 00:00:00s2023-03-20w2021-04-26yBK